| 000 | 00530nam a22001817a 4500 | ||
|---|---|---|---|
| 005 | 20170508111650.0 | ||
| 010 | _aENG-117823 | ||
| 020 |
_a9788190693271 _c300.00 |
||
| 035 | _aEN-101355 | ||
| 037 | _bDBAD/PUB | ||
| 082 | _a485.25 | ||
| 100 | _aSharma, Pavitra Kumar | ||
| 245 |
_aEnglish- hindi grammar / _cby Sunita Pareek |
||
| 260 |
_aDaryanganj _bAkash Ganga Prakashan _c2012 |
||
| 270 | _a4760-61,23, Ansari Road, Daryaganj, New Delhi | ||
| 300 |
_a133p _c21cm.(Hb) |
||
| 942 |
_2ddc _cEN _h485.25 _mSHA |
||
| 999 |
_c139567 _d139567 |
||